The Mishnah /

محفوظ في:

مؤلفون آخرون: Danby, Herbert, 1889-1953

التنسيق: كتاب

اللغة: English

منشور في: Oxford : The Clarendon Press, 1933.

الموضوعات:

الوسوم: إضافة وسم

لا توجد وسوم, كن أول من يضع وسما على هذه التسجيلة!

رقم الطلب: BM505 .A3 D3 1933

LEADER 00700nam a22002291 4500
001 49
003 OSt
005 20251013124343.0
008 130303s1933 enk 000 0 eng d
010 |a 34013008 
040 |c ARCE Library 
050 4 |a BM505 .A3 D3 1933 
130 0 |a Mishnah.  |l English. 
245 1 4 |a The Mishnah /  |c translated from the Hebrew, with introduction and brief explanatory notes, by Herbert Danby. 
264 1 |a Oxford :  |b The Clarendon Press,  |c 1933. 
300 |a xxxii, 844 pages ;  |c 23 cm. 
650 0 |a Bailments (Jewish law)  |9 4971 
650 0 |a Nuisances (Jewish law)  |9 4972 
700 1 |a Danby, Herbert,  |d 1889-1953,  |9 28588 
901 |a reviewed 
942 |c BK  |2 lcc 
999 |c 9745  |d 9745